000 005310000a22001810004500
003 MACL
005 20160308165122.0
008 160308b xxu||||| |||| 00| 0 eng d
040 _aMACL
_cMACL
041 _aHindi
082 _a891.433
100 _aभटियानी शैलेश
_943931
245 _aकबूतरखाना
260 _bआत्‍माराम एण्‍ड सन्‍स
_c1960
_aनई दिल्‍ली
350 _a2
650 _aNovel
_943932
942 _cHIN
_k891.433
_2ddc
999 _c25436
_d25436